000 00485nam a2200181Ia 4500
003 GCL
008 140319s9999 xx 000 0 eng d
040 _aGCL /
_cGCL
082 0 4 _a170
_bS R
100 1 _aSTAUB, ERVIN
245 1 0 _aTHE ROOTS OF EVIL : THE ORIGINS OF GENOCIDE AND OTHER GROUP VIOLENCE /
_cSTAUB, ERVIN
260 _a[S.N] :
_bCAMBRIBGE UNIVERSITY PRESS ،
_c1994
300 _a36
650 0 4 _aEVIL
650 0 4 _aPHILOSOPHY
650 0 4 _aETHICS
942 _2ddc
_cBK
999 _c25397
_d25397